00406 2200157 4500001002100000005001500021035002000036245007100056100001800127300001200145260003500157082000800192084001400200020002200214990001200236INLIS00000000000163320250428021700 a0010-04250000491 aPercepatan Rezeki Dalam 40 Hari Dengan Otak Kanan /cIppho Santosa0 aIppho Santosa a141 hlm aJakarta :bPT. Gramedia,c2012 a200 a200 IPP p a978-979-27-9829-1 a0754701